00828nam a2200217 i 4500001000700000003000900007005001700016007000300033008004100036080002500077100003800102245003700140260007300177300002200250490004700272600006800319830006000387852002200447999001900469952012200488134897ES-MaACL20250829041759.0t|070703s1971 sp ||||1| spa d a860 Baroja, Pio 1.061 aTijeras, Eduardo, d1931-911024810aPío Baroja / cEduardo Tijera. a[Madrid] : bEpesa [Ediciones y Publicaciones Españolas], c[1971] a179 p. ; c17 cm.1 aGrandes escritores contemporáneos ; v4614aBaroja, Pío,d1872-1956-xCrítica e interpretación92575610aGrandes escritores contemporáneos (Epesa)v469180697 aES-MaACLjC-41648 c134897d134897 00104070aATENEOMbATENEOMcDEPO2d2008-01-17eSCl0oC-41648p1140408r2023-02-23 00:00:00w2023-02-23yMONOGRAFIA